Dalit assertion in society, history and literature (Record no. 516896)

000 -LEADER
fixed length control field 00338nam a22000977a 4500
082 ## - DEWEY DECIMAL CLASSIFICATION NUMBER
Classification number TNC BA27x54 Ah51
100 ## - MAIN ENTRY--PERSONAL NAME
Personal name Ahmad, Imtiaz and Upadhyay, Shashi Bhushan ed.
9 (RLIN) 23729
245 ## - TITLE STATEMENT
Title Dalit assertion in society, history and literature
Statement of responsibility, etc Edited by Imtiaz Ahmad and Shashi Bhushan Upadhyay
260 ## - PUBLICATION, DISTRIBUTION, ETC. (IMPRINT)
Place of publication, distribution, etc Delhi
Name of publisher, distributor, etc Deshkal
Date of publication, distribution, etc 2007
300 ## - PHYSICAL DESCRIPTION
Extent 283p.
Holdings
Withdrawn status Lost status Source of classification or shelving scheme Damaged status Koha normalized classification for sorting Not for loan Permanent location Current location Date acquired Full call number Barcode Date last seen Price effective from Koha item type
        TNC_BA27X54_AH51   Indian Institute of Public Administration Indian Institute of Public Administration 2021-03-22 TNC BA27x54 Ah51 GR23370 2021-03-22 2021-03-22 GR

Powered by Koha